000 00829nam a2200265 a 4500
001 000022743
005 20240529124643.0
008 101117s1984 sp a r 000 f spa d
020 _a8472551172
040 _aDO-SdBNP
_bspa
_cBNPHU
082 _aB869.4
_bT128h, 1984
100 1 _aTahan, Malba,
_946731
240 1 0 _aO homem que calculava
_lEspañol
245 1 0 _aEl hombre que calculaba /
_cJúlio César de Mello Souza ; traducción de Basilio Losada.
250 _a9a ed.
260 _aBarcelona :
_bVerón,
_c1984.
300 _a226, [12] p. :
_bil. ;
_c18 cm.
490 1 _aAedo
534 _aTítulo original:
_tO homem que calculava.
650 0 _aNovela brasileña
_913650
650 4 _aLiteratura brasileña
_ySIGLO XX
_94716
700 1 _aLosada, Basilio
_etr.
_912953
830 0 _aAedo
_946732
049 _aBNGR
999 _c22240
_d22240